Statistics for September 11, 2001 Multiple Choice

Click here to take the quiz!

General Stats

  • This quiz has been taken 87 times
  • The average score is 10 of 15

Answer Stats

QuestionAnswer% Correct
What was President George W. Bush doing when the attacks occurred?Reading to children at an elementary school
93%
What flight was supposed to hit the White House or Capitol, but was heroically fought down by its passengers?United Airlines Flight 93
85%
In what state did the passengers who fought their flight's hijackers deliberately crash into a field?Pennsylvania
79%
What day of the week was the attack?Tuesday
78%
What times were the WTC towers respectively hit?8:46 and 9:03 a.m.
75%
How many total fatalities were there?2,996
67%
What flights respectively hit these towers?American Airlines Flight 11 and United Airlines Flight 175
67%
What flight hit the Pentagon?American Airlines Flight 77
64%
How many total hijackers were involved in the attacks?19
60%
In what order did these events occur?North Tower hit, South Tower hit, South Tower fall, North Tower fall
60%
What are the famous last heard words of the heroic people before they fought the hijackers and brought down their flight?"Let's roll."
59%
Which smaller World Trade Center building was damaged as a result of the North Tower's collapse, and fell itself later that day?7 WTC
56%
What times did the WTC towers respectively collapse?9:59 and 10:28 a.m.
47%
Roughly how many people jumped from the North Tower?200
34%
What time did the above building collapse?5:20 p.m.
34%

Score Distribution

Percentile by Number Answered

Percent of People with Each Score

Your Score History

You have not taken this quiz